000 00551nam a2200217Ia 4500
003 OSt
005 20220928145715.0
006 a|||||r|||| 00| 0
007 ta
008 220927b |||||||| |||| 00| 0 eng d
024 _a82292
037 _cTextual
040 _aSDCL
_cSDCL
_beng
041 _2eng
_aeng
082 _aX:87-952, L2
100 _aDrake John D
_9514296
245 0 _aInterviewing for managers
_bSizing up people.
260 _c1972
942 _hX:87-952, L2
_cTEXL
_2CC
999 _c835014
_d835014